000 00662nam a2200193Ia 4500
003 GCL
008 140319s9999 xx 000 0 ara d
040 _aGCL /
_cGCL
082 0 4 _aم
_b503
_bم م
100 1 _aمعهد الانماء العربى
245 1 0 _aمعجم مصطلحات العلم والتكنولوجيا- انجليزى- عربى 4 ج /
_cمعهد الانماء العربى
260 _a[S.N] :
_bمعهد الانتماء العربى ،
_c1982
300 _a3675 ص
490 _aماذا اعرف
_v0
650 0 4 _aالمعاجم
650 0 4 _aالكتب المرجعية
650 0 4 _aالعلوم البحتة
942 _2ddc
_cREF
999 _c59591
_d59591